ICAEW Advanced Taxation; (Record no. 36508)
[ view plain ]
| 000 -LEADER | |
|---|---|
| fixed length control field | 00389nam a22001457a 4500 |
| 005 - DATE AND TIME OF LATEST TRANSACTION | |
| control field | 20240830113801.0 |
| 008 - FIXED-LENGTH DATA ELEMENTS--GENERAL INFORMATION | |
| fixed length control field | 240830b |||||||| |||| 00| 0 eng d |
| 082 ## - DEWEY DECIMAL CLASSIFICATION NUMBER | |
| Classification number | 336.2 |
| Item number | ICA |
| 245 ## - TITLE STATEMENT | |
| Title | ICAEW Advanced Taxation; |
| Remainder of title | Question Bank/ |
| Statement of responsibility, etc. | BPP Study System |
| 260 ## - PUBLICATION, DISTRIBUTION, ETC. | |
| Place of Publication | London; |
| Name of publisher, distributor, etc. | BPP; |
| Date of publication, distribution, etc. | 1997 |
| 300 ## - PHYSICAL DESCRIPTION | |
| Pages | iv, 212 p.; |
| 650 ## - SUBJECT ADDED ENTRY--TOPICAL TERM | |
| Subject / Department | Social Sciences |
| 300 ## - PHYSICAL DESCRIPTION | |
| -- | ill.; |
| -- | 29.5 cm. |
| 952 ## - LOCATION AND ITEM INFORMATION (KOHA) | |
| -- | 0 |
| -- | 0 |
| Lost status | Damaged status | Collection code | Permanent Location | Current Location | Shelving Location | Date acquired | Full Call Number | Accession No./Barcode | Date last seen | item type | Koha item type |
|---|---|---|---|---|---|---|---|---|---|---|---|
| Science | Superior Information Resource Center (SIRC) Superior University - City Campus | Superior Information Resource Center (SIRC) Superior University - City Campus | Economics | 08/30/2024 | 336.2 ICA 1997 | 6033 | 08/30/2024 | BOOK | BOOK |
